000 00603nam a2200193 a 4500
001 17248
003 CO-ViMGA
008 141112s2004 ck r 000 u spa d
020 _a9584204114
040 _aCO-ViMGA
_bspa
_cCO-ViMGA
082 0 4 _a920.5 C111p
100 1 _aCaballero, Antonio
_97909
245 1 0 _aPatadas de ahorcado . Caballero se desahoga :
_bUna conversación con Juan Carlos Iragorri
260 _aBogotá,
_cPlaneta,
_c2002
300 _a209.p.
590 _aForma de adquisición : Premio - Mincultura
650 1 4 _aCABALLERO, ANTONIO 1945 - - ENTREVISTAS
_924518
942 _2ddc
_cBK
999 _c26818
_d26818